000 01058nam a22001937a 4500
008 090721t xxu||||| |||| 00| 0 eng d
020 _a9770912319
082 _a910.92
_bذ ه ن
245 _a:رؤية الرحالة الأوروبيين لمصر
_b/بين النزعة الانسانية والاستعمارية
_cالهام محمد ذهنى
260 _a:القاهرة
_b،دار الشروق
_c2005
300 _a176؛ ص
_c20 سم
490 _aالتاريخ- الجانب الآخر- اعادة قراءة للتاريخ المصرى
_v؛6
650 _98089
_aالرحالة
650 _98090
_aالرحلات
650 _98091
_aالمستكشفون
942 _2ddc
_cBB
999 _c12384
_d12384